Fertilización con microelementos en la calidad de las brácteas de la nochebuena Euphorbia Pulcherrima variedad Prestige Red/ (Record no. 220665)
[ view plain ]
| 000 -CABECERA | |
|---|---|
| campo de control de longitud fija | 03649nam a2200337 a 4500 |
| 003 - IDENTIFICADOR DEL NÚMERO DE CONTROL | |
| campo de control | OSt |
| 005 - FECHA Y HORA DE LA ÚLTIMA TRANSACCIÓN | |
| campo de control | 20250707092450.0 |
| 007 - CAMPO FIJO DE DESCRIPCIÓN FÍSICA--INFORMACIÓN GENERAL | |
| campo de control de longitud fija | cr ||||||a|a|a |
| 008 - DATOS DE LONGITUD FIJA--INFORMACIÓN GENERAL | |
| campo de control de longitud fija | 250623s2025 mx a|||fom||| 001 0 spa d |
| 040 ## - FUENTE DE LA CATALOGACIÓN | |
| Normas de descripción | rda |
| 100 1# - ENTRADA PRINCIPAL--NOMBRE DE PERSONA | |
| Nombre de persona | García Cortés, José Hugo |
| 9 (RLIN) | 190499 |
| 245 10 - MENCIÓN DE TÍTULO | |
| Título | Fertilización con microelementos en la calidad de las brácteas de la nochebuena Euphorbia Pulcherrima variedad Prestige Red/ |
| Mención de responsabilidad, etc. | por José Hugo García Cortés; director de tesis Humberto Villegas Rodríguez; secretario María Teresa Beryl Colinas León; vocal Diana Guerra Ramírez; suplente Marcelino Aurelio Pérez Vivar; suplente Domingo Montalvo Hernández. |
| 264 #1 - PRODUCCIÓN, PUBLICACIÓN, DISTRIBUCIÓN, FABRICACIÓN Y COPYRIGHT | |
| Producción, publicación, distribución, fabricación y copyright | Chapingo, México : |
| Nombre del de productor, editor, distribuidor, fabricante | El autor, |
| Fecha de producción, publicación, distribución, fabricación o copyright | 2024. |
| 300 ## - DESCRIPCIÓN FÍSICA | |
| Extensión | 1 recurso en línea (93 páginas): |
| Otras características físicas | cuadros, figuras. |
| 336 ## - TIPO DE CONTENIDO | |
| Fuente | rdacontent |
| Término de tipo de contenido | texto |
| Código de tipo de contenido | txt |
| 337 ## - TIPO DE MEDIO | |
| Fuente | rdamedia |
| Nombre/término del tipo de medio | computadora |
| Código del tipo de medio | c |
| 338 ## - TIPO DE SOPORTE | |
| Fuente | rdacarrier |
| Nombre/término del tipo de soporte | recurso en línea |
| Código del tipo de soporte | cr |
| 502 ## - NOTA DE TESIS | |
| Tipo de título | Ingeniero Agrónomo Especialista en Fitotecnia |
| Nombre de la institución que otorga el título | Departamento de Enseñanza, Investigación y Servicio en Fitotecnia, |
| Año de obtención del título | 2024. |
| Información miscelánea | Licenciatura |
| 504 ## - NOTA DE BIBLIOGRAFÍA, ETC. | |
| Nota de bibliografía, etc. | Incluye referencias bibliográficas: páginas 73-84. |
| 520 ## - SUMARIO, ETC. | |
| Sumario, etc. | En la zona del centro de México se cultiva la nochebuena Euphorbia pulcherrima que aporta miles de empleos y genera derrama económica en el Estado de México, Morelos y Puebla que son los principales productores. La problemática que enfrentan los productores de esta zona es la fragilidad de los tallos y las brácteas de la nochebuena que se desprenden con facilidad. Con la finalidad de apoyar en la solución de esta limitante, se realizó un estudio sobre la fertilización con microelementos como Fe, Zn, Cu, B, Mo y Mn y como pueden estos micronutrientes mejorar las brácteas de la nochebuena de la variedad Prestige red, brindando una mayor calidad. Para esta prueba se usó un diseño experimental completamente al azar DCA en el que se establecieron 4 tratamientos con 6 repeticiones cada uno, con un total de 24 unidades experimentales, en las que se aplicaron 3 concentraciones distintas de molibdato de sodio 10, 100 y 200 mg/ L de agua y un testigo con una solución nutritiva específica, también 3 concentraciones distintas de fertilizante con microelementos quelados 1, 2 y 3 g/ L de agua y un testigo con una solución nutritiva especifica. La primera semana se aplicó molibdato de sodio y la segunda el fertilizante quelado, y así sucesivamente durante 6 semanas. Los tratamientos con molibdato de sodio no presentaron cambios significativos en las variables del crecimiento observadas, pero si se notaron diferencias de turgencia en los tallos y de pigmentación en las brácteas. El fertilizante con microelementos quelados presento diferencias significativas para las variables de materia seca, cenizas, extracto etéreo, proteína y fibra crudas, pero no demostró cambios significativos en los ensayos de contenido fenólico total y capacidad antioxidante mediante el método FRAP y ABTS. Los tratamientos con fertilizante con microelementos quelados aumentan el contenido de antocianinas en las brácteas de la nochebuena. |
| 650 #4 - PUNTO DE ACCESO ADICIONAL DE MATERIA--TÉRMINO DE MATERIA | |
| Término de materia o nombre geográfico como elemento de entrada | Fertilizantes |
| Subdivisión general | Efecto en Euphorbia pulcherrima |
| 9 (RLIN) | 190769 |
| 650 #4 - PUNTO DE ACCESO ADICIONAL DE MATERIA--TÉRMINO DE MATERIA | |
| Término de materia o nombre geográfico como elemento de entrada | Euphorbia pulcherrima |
| Subdivisión general | Micronutrientes |
| 9 (RLIN) | 190770 |
| 650 #4 - PUNTO DE ACCESO ADICIONAL DE MATERIA--TÉRMINO DE MATERIA | |
| Término de materia o nombre geográfico como elemento de entrada | Euphorbia pulcherrima |
| Subdivisión general | Calidad |
| 9 (RLIN) | 190771 |
| 700 1# - PUNTO DE ACCESO ADICIONAL--NOMBRE DE PERSONA | |
| Nombre de persona | Villegas Rodríguez, Humberto |
| Término indicativo de función/relación | director de tesis. |
| 9 (RLIN) | 119771 |
| 700 1# - PUNTO DE ACCESO ADICIONAL--NOMBRE DE PERSONA | |
| Nombre de persona | Colinas León, María Teresa Beryl |
| 9 (RLIN) | 155079 |
| Término indicativo de función/relación | secretario. |
| 700 1# - PUNTO DE ACCESO ADICIONAL--NOMBRE DE PERSONA | |
| Nombre de persona | Guerra Ramírez, Diana |
| 9 (RLIN) | 149184 |
| Término indicativo de función/relación | vocal. |
| 700 1# - PUNTO DE ACCESO ADICIONAL--NOMBRE DE PERSONA | |
| Nombre de persona | Pérez Vivar, Marcelino Aurelio |
| 9 (RLIN) | 90097 |
| Término indicativo de función/relación | suplente. |
| 700 1# - PUNTO DE ACCESO ADICIONAL--NOMBRE DE PERSONA | |
| Nombre de persona | Montalvo Hernández, Domingo |
| Término indicativo de función/relación | suplente. |
| 9 (RLIN) | 77714 |
| 856 ## - LOCALIZACIÓN Y ACCESO ELECTRÓNICOS | |
| Identificador Uniforme del Recurso | http://10.13.5.2/tesis/tl/1710812-6_GARCIA_CORTES_JOSEHUGO.pdf |
| Nota pública | DESCARGAR PDF |
| 942 ## - ELEMENTOS DE PUNTO DE ACCESO ADICIONAL (KOHA) | |
| Fuente del sistema de clasificación o colocación | Clasificación Universidad Autónoma Chapingo |
| Tipo de ítem Koha | Tesis digital |
| Estado de retiro | Estado de pérdida | Fuente del sistema de clasificación o colocación | Estado dañado | Restricciones de uso | No para préstamo | Código de colección | Localización permanente | Ubicación/localización actual | Ubicación en estantería | Fecha de adquisición | Total de préstamos | Signatura topográfica completa | Fecha visto por última vez | Precio válido a partir de | Tipo de ítem Koha |
|---|---|---|---|---|---|---|---|---|---|---|---|---|---|---|---|
| Clasificación Universidad Autónoma de Chapingo | Préstamo interno | Tesis digitales de Licenciatura | Biblioteca Digital | Biblioteca Digital | En línea | 23/06/2025 | Tesis digital | 23/06/2025 | 23/06/2025 | Tesis digital |
